Statistics for U.S. States with Glaciers

Click here to take the quiz!

General Stats

  • This quiz has been taken 16,289 times
  • The average score is 8 of 9

Answer Stats

#State% Correct
664Alaska
99%
186Washington
96%
35Oregon
90%
60Montana
88%
20California
86%
16Colorado
80%
37Wyoming
78%
1Utah
75%
1Nevada
70%

Score Distribution

Percentile by Number Answered

Percent of People with Each Score

Your Score History

You have not taken this quiz